LEADER 01156nam a22002653i 4500 001 991000342829707536 005 20040817142545.0 008 040920s1996 it ita 020 $a9788814062254 035 $ab13207520-39ule_inst 035 $aARCHE-115376$9ExL 040 $aSet. Economia$bita$cA.t.i. Arché s.c.r.l. Pandora Sicilia s.r.l. 082 04$a657.3 100 1 $aAzzali, Stefano$0116693 245 13$aIl sistema delle informazioni di bilancio delle aziende di produzione :$bil modello dell'International accounting standards committee /$cStefano Azzali 260 $aMilano :$bA. Giuffrè,$c1996 300 $aXI, 281 p. ;$c24 cm 490 $aUniversità degli studi di Parma, Istituto di ricerche aziendali Gino Zappa ;$v16 650 4$aBilancio 907 $a.b13207520$b17-06-19$c23-09-04 912 $a991000342829707536 945 $aLE025 ECO 657.3 AZZ01.03$g1$i2025000170704$lle025$nCatalogato 2019$o-$pE0.00$q-$rl$s- $t0$u2$v1$w2$x0$y.i13862546$z23-09-04 996 $aSistema delle informazioni di bilancio delle aziende di produzione$9666483 997 $aUNISALENTO 998 $ale025$b23-09-04$cm$da $e-$fita$git $h3$i1